Procesos inquisitoriales contra Francisco Sánchez de las Brozas / (Record no. 146424)
[ view plain ]
| 000 -LEADER | |
|---|---|
| campo de control de longitud fija | 01014nam a2200253 i 4500 |
| 001 - NÚMERO DE CONTROL | |
| campo de control | 146424 |
| 003 - IDENTIFICADOR DE NÚMERO DE CONTROL | |
| campo de control | ES-MaACL |
| 005 - FECHA Y HORA DE LA ÚLTIMA TRANSACCIÓN | |
| campo de control | 20250629063130.0 |
| 007 - CAMPO FIJO DE DESCRIPCIÓN FÍSICA--INFORMACIÓN GENERAL | |
| campo de control de longitud fija | t| |
| 008 - DATOS DE LONGITUD FIJA--INFORMACIÓN GENERAL | |
| campo de control de longitud fija | 070910s1941 sp |||| |dspa d |
| 080 ## - NÚMERO DE LA CLASIFICACIÓN DECIMAL UNIVERSAL | |
| Número de la Clasificación Decimal Universal | 272.146(46) |
| 080 ## - NÚMERO DE LA CLASIFICACIÓN DECIMAL UNIVERSAL | |
| Número de la Clasificación Decimal Universal | 929 Sánchez de las Brozas, Francisco |
| 100 1# - ENTRADA PRINCIPAL--NOMBRE DE PERSONA | |
| Nombre de persona | Tovar, Antonio, |
| Fechas asociadas al nombre | 1911-1985 |
| 9 (RLIN) | 111167 |
| 245 10 - MENCIÓN DEL TÍTULO | |
| Título | Procesos inquisitoriales contra Francisco Sánchez de las Brozas / |
| Mención de responsabilidad, etc. | Edición y estudio preliminar por Antonio Tovar y Miguel de la Pinta Llorrente. |
| 260 ## - PUBLICACIÓN, DISTRIBUCIÓN, ETC. | |
| Lugar de publicación, distribución, etc. | Madrid : |
| Nombre del editor, distribuidor, etc. | Instituto Antonio de Nebrija, |
| Fecha de publicación, distribución, etc. | 1941. |
| 300 ## - DESCRIPCIÓN FÍSICA | |
| Extensión | LXXIV, 176 p. ; |
| Dimensiones | 20 cm. |
| 500 ## - NOTA GENERAL | |
| Nota general | Precede al tít.: Consejo Superior de Investigaciones Cientifícas. Patronato Menéndez Pelayo. |
| 600 14 - PUNTO DE ACCESO ADICIONAL DE MATERIA--NOMBRE DE PERSONA | |
| Nombre de persona | Sánchez de las Brozas, Francisco, |
| Fechas asociadas al nombre | 1522-1600 |
| 9 (RLIN) | 102587 |
| 650 #4 - PUNTO DE ACCESO ADICIONAL DE MATERIA--TÉRMINO DE MATERIA | |
| Término de materia o nombre geográfico como elemento de entrada | Inquisición- |
| Subdivisión geográfica | España. |
| 9 (RLIN) | 13798 |
| 700 1# - ENTRADA AGREGADA--NOMBRE PERSONAL | |
| Nombre de persona | Pinta Llorente, Miguel de la. |
| 9 (RLIN) | 92201 |
| 710 2# - ENTRADA AGREGADA--NOMBRE DE ENTIDAD CORPORATIVA | |
| Nombre de entidad corporativa o nombre de jurisdicción como elemento de entrada | Patronato "Marcelino Menéndez Pelayo" |
| 9 (RLIN) | 6189 |
| 852 ## - LOCALIZACIÓN | |
| Ubicación | ES-MaACL |
| Número de control de estantería | B-9709 |
| Estatus retirado | Estado de pérdida | Estado de daño | No para préstamo | Biblioteca de origen | Biblioteca actual | Ubicación en estantería | Fecha de adquisición | Fuente de adquisición | Total de préstamos | Signatura topográfica completa | Código de barras | Visto por última vez | Precio de reemplazo | Tipo de ítem Koha |
|---|---|---|---|---|---|---|---|---|---|---|---|---|---|---|
| Biblioteca del Ateneo de Madrid | Biblioteca del Ateneo de Madrid | Sala Pardo Bazán | 17/01/2008 | B-9709 | 1152827 | 23/02/2023 | 23/02/2023 | Libro impreso |
